Basics of Economics and Management (Record no. 188543)

MARC details
000 -LEADER
fixed length control field 00365nam a22001577a 4500
003 - CONTROL NUMBER IDENTIFIER
control field OSt
020 ## - INTERNATIONAL STANDARD BOOK NUMBER
International Standard Book Number 9789380712611
082 ## - DEWEY DECIMAL CLASSIFICATION NUMBER
Classification number 330
Item number RAN/BA
100 ## - MAIN ENTRY--PERSONAL NAME
Personal name Ranjeet Verma
245 ## - TITLE STATEMENT
Title Basics of Economics and Management
250 ## - EDITION STATEMENT
Edition statement 1st
260 ## - PUBLICATION, DISTRIBUTION, ETC. (IMPRINT)
Place of publication, distribution, etc. New Delhi
Name of publisher, distributor, etc. Vayu Education of India
Date of publication, distribution, etc. 2010
300 ## - PHYSICAL DESCRIPTION
Extent 142
650 ## - SUBJECT ADDED ENTRY--TOPICAL TERM
Topical term or geographic name as entry element Control Process
942 ## - ADDED ENTRY ELEMENTS (KOHA)
Source of classification or shelving scheme Dewey Decimal Classification
Koha item type Books (General)
Holdings
Withdrawn status Lost status Source of classification or shelving scheme Damaged status Not for loan Home library Current library Date acquired Cost, normal purchase price Total Checkouts Full call number Date last seen Price effective from Koha item type
    Dewey Decimal Classification     College of Co-operation, Banking & Management Library, Vellanikkara College of Co-operation, Banking & Management Library, Vellanikkara 21/02/2015 0.00   330 RAN/BA 21/02/2015 21/02/2015 Books (General)
Kerala Agricultural University Central Library
Thrissur-(Dt.), Kerala Pin:- 680656, India
Ph : (+91)(487) 2372219
E-mail: librarian@kau.in
Website: http://library.kau.in/